000 01081cam a22001934a 4500
005 20250605164042.0
008 250528s ||||||||||||||||||||||||d
035 _a17028
020 _a691022267
040 _aGR-AtMCL
_bgre
_dGR-AtMCL
_eAACR2
245 1 _aThe State and Political Theory
260 _bPrinceton,
_c1984
300 _a286
520 _aThis book is a real contribution both as a synthesis of principal recent debates on the nature of the state and as a strong case for the convergence of these debates around a significant shift in Marxist views of the state. Acknowledgements, Introduction, The State and American Political Thought, Marx and Engels and Lenin and the State, Gramsci and the State, Structuralism and the State: Althussers and Poulantzas, The German Debate, The State and Democracy and the Transition to Socialism, The Dependent State, Class and State in Recent American Political Theory, Whither Theories of the State?, Selected Bibliography, Index.
700 1 _aCarnoy Martin
_93157
942 _cBK
999 _c2468
_d2468